1730 1440 1552 1428 1840 1360 1480 1734 1845 1464 1829 1301 1795 1644 1559 1652 1454 1396 1594 1331 1885 1107 1285 1050 1289 1176 1177 1453 1781 1396 1328 1629 1141 1789 1850 1169 1810 1098 1117 1224 1664 1524 1879 1813 1074 1999 1257 1186 1652 1133 1093 1236 1579 1999 1484 1102 1624 1990 1604 1161 1011 1082 1787 1667 1242 1940 1103 1239 1510 1379 1461 1142 1108 1588 1935 1391 1909 1214 1742 1132 1682 1319 1248 1468 1796 1753 1328 1341 1027 1148 1678 1908 1012 1280 1003 1738 1486 1471 1615 BCNSPRNW ULIB Ver.6.0+V

เปลี่ยนเป็นภาษาไทย

Change to English
 แสดงรายละเอียดบรรณานุกรม
  กลับหน้าหลัก

Brief Record : Get Marc (ISO 2709) : E-mail record : QR code < ปิดหน้าต่าง
LEADER : 00000nam 2200000uu 4500
001    13399129207
003     ULIB
008    020711s2568 th a 000 0 tha d
020    ^a9786166220582
060    ^aWM412^bพ642ก
100    ^aพิชัย อิฏฐสกุล
245    ^aการรักษาทางจิตเวชด้วยไฟฟ้า (ELECTROCONVULSIVE THERAPY)
250    ^aพิมพ์ครั้งที่ 2
260    ^aกรุงเทพฯ :^bสำนักพิมพ์รามาธิบดี คณะแพทยศาสตร์โรงพยาบาลรามาธิบดี มหาวิทยาลัยมหิดล,^c2568
300    ^a194 หน้า;^b26 ซม.
650    ^aจิตเวชศาสตร์^xการรักษาด้วยไฟฟ้า
999    ^aประนอม เกษจรัล
รายการนี้ยังไม่มีแท็ก
คุณยังไม่ได้ล็อกอิน คุณสามารถมีกิจกรรมร่วมกับเว็บไซต์ได้ แต่ต้องล็อกอินก่อน ::
  ล็อกอิน

รายการสื่อสารสนเทศ

ลำดับที่ ประเภท เลขเรียก/บาร์โค้ด สถานที่ สถานะ
1. วิทยาศาสตร์การแพทย์ และสุขภาพ
หนังสือสำรอง
สถานะ=หนังสือสำรอง
WM412 พ642ก ฉ.1 
  Barcode: 012168
ห้องสมุดวิทยาเขตสวรรค์ประชารักษ์
►หนังสือทั่วไป
บนชั้น
2. วิทยาศาสตร์การแพทย์ และสุขภาพ
วิทยาศาสตร์การแพทย์ และสุขภาพ
WM412 พ642ก ฉ.2 
  Barcode: 012169
ห้องสมุดวิทยาเขตสวรรค์ประชารักษ์
►หนังสือทั่วไป
บนชั้น
3. วิทยาศาสตร์การแพทย์ และสุขภาพ
วิทยาศาสตร์การแพทย์ และสุขภาพ
WM412 พ642ก ฉ.3 
  Barcode: 012170
ห้องสมุดวิทยาเขตสวรรค์ประชารักษ์
►หนังสือทั่วไป
บนชั้น
4. วิทยาศาสตร์การแพทย์ และสุขภาพ
วิทยาศาสตร์การแพทย์ และสุขภาพ
WM412 พ642ก ฉ.4 
  Barcode: 012171
ห้องสมุดวิทยาเขตสวรรค์ประชารักษ์
►หนังสือทั่วไป
บนชั้น
5. วิทยาศาสตร์การแพทย์ และสุขภาพ
วิทยาศาสตร์การแพทย์ และสุขภาพ
WM412 พ642ก ฉ.5 
  Barcode: 012172
ห้องสมุดวิทยาเขตสวรรค์ประชารักษ์
►หนังสือทั่วไป
บนชั้น

BibComment


ยังไม่เคยถูกคอมเมนท์

คอมเมนท์ทรัพยากรรายการนี้
  คอมเมนท์: การรักษาทางจิตเว..


 Copyright 2026. Bcnsprnw @Library